| 000 | 00482nam a2200169Ia 4500 | ||
|---|---|---|---|
| 008 | 210719s1993 xx 000 0 und d | ||
| 041 | _aeng | ||
| 082 | _a382.9K SHAK | ||
| 100 | _aSHARANABASAVESHWARA ANGADI mattu SUNANDA SHARANA. | ||
| 245 | _aKrashikshetrada vishakale Dunkel prastava. Ed 1. | ||
| 250 | _a1 | ||
| 260 |
_aBengaluru. _bNavakarnataka Prakashana., _c1993 |
||
| 300 |
_a48 _bPB |
||
| 365 |
_b7 _cRs |
||
| 650 | _aInternational Trade | ||
| 906 | _aDunkel Proposals | ||
| 999 |
_c213228 _d213228 |
||